ბათუმის შოთა რუსთაველის სახელმწიფო უნივერსიტეტის ბიბლიოთეკა

ხეხილის ბაღის მოვლა. (ბიბ.ჩანაწერი № 44679)

000 -LEADER
fixed length control field 00643nam a2200217Ia 4500
001 - CONTROL NUMBER
control field 11483
003 - CONTROL NUMBER IDENTIFIER
control field GE_BSU
008 - FIXED-LENGTH DATA ELEMENTS--GENERAL INFORMATION
fixed length control field 181216s||||||||xx |||||||||||||| ||und||
040 ## - CATALOGING SOURCE
Transcribing agency GE_BSU
080 ## - UNIVERSAL DECIMAL CLASSIFICATION NUMBER
Universal Decimal Classification number 634:631.54+634:631.55
100 ## - MAIN ENTRY--PERSONAL NAME
Personal name კაჭარავა,პ.
245 ## - TITLE STATEMENT
Title ხეხილის ბაღის მოვლა.
245 ## - TITLE STATEMENT
Statement of responsibility, etc. რედ:ი.მაღალაშვილი.
260 ## - PUBLICATION, DISTRIBUTION, ETC.
Place of publication, distribution, etc. თბილისი.
260 ## - PUBLICATION, DISTRIBUTION, ETC.
Name of publisher, distributor, etc. სახელგამი.
260 ## - PUBLICATION, DISTRIBUTION, ETC.
Date of publication, distribution, etc. 1954.
300 ## - PHYSICAL DESCRIPTION
Extent 85გვ;20სმ.
300 ## - PHYSICAL DESCRIPTION
Accompanying material ილ.
653 ## - INDEX TERM--UNCONTROLLED
Uncontrolled term ხეხილის ბაღის მოვლა.
942 ## - ADDED ENTRY ELEMENTS (KOHA)
Koha item type წიგნი
ეგზემპლარები
Withdrawn status Lost status Damaged status Not for loan Date acquired Barcode Date last seen Price effective from Koha item type
        2018-12-17 20113 2018-12-17 2018-12-17 წიგნი
        2018-12-17 20112 2018-12-17 2018-12-17 წიგნი
        2018-12-17 20111 2018-12-17 2018-12-17 წიგნი
        2018-12-17 20110 2018-12-17 2018-12-17 წიგნი
        2018-12-17 20109 2018-12-17 2018-12-17 წიგნი
        2018-12-17 20108 2018-12-17 2018-12-17 წიგნი